[Event "45th FIDE Chess Olympiad Open"]
[Site "Budapest, Hungary"]
[Date "2024.09.22"]
[Round "11"]
[White "Maharaj, Yash Krishen"]
[Black "Piva, Michele"]
[Result "0-1"]
[Board "332"]
[WhiteFideId "11402504"]
[BlackFideId "11800453"]
[WhiteElo "1847"]
[BlackElo "1721"]
[WhiteTeam "Fiji"]
[BlackTeam "San Marino"]
[WhiteClock "0:01:26"]
[BlackClock "0:04:15"]
[Variant "Standard"]

1. e4 {[%clk 1:30:57]}  c5 {[%clk 1:30:53]} 2. Nf3 {[%clk 1:31:21]}  Nc6 {[%clk 1:31:12]} 3. d4 {[%clk 1:31:45]}  cxd4 {[%clk 1:31:29]} 4. Nxd4 {[%clk 1:32:09]}  g6 {[%clk 1:31:50]} 5. c4 {[%clk 1:32:27]}  Bg7 {[%clk 1:32:06]} 6. Be3 {[%clk 1:32:51]}  Nf6 {[%clk 1:32:12]} 7. Nc3 {[%clk 1:33:14]}  d6 {[%clk 1:32:31]} 8. f3 {[%clk 1:33:34]}  O-O {[%clk 1:32:30]} 9. Qd2 {[%clk 1:33:34]}  Bd7 {[%clk 1:32:07]} 10. Be2 {[%clk 1:33:44]}  Rc8 {[%clk 1:30:27]} 11. O-O {[%clk 1:32:00]}  Ne5 {[%clk 1:26:00]} 12. b3 {[%clk 1:31:34]}  Ne8 {[%clk 1:16:46]} 13. Bh6 {[%clk 1:18:49]}  Qa5 {[%clk 1:12:36]} 14. Rac1 {[%clk 1:16:56]}  a6 {[%clk 1:10:55]} 15. Rfd1 {[%clk 1:13:30]}  Qc5 {[%clk 1:03:54]} 16. Nd5 {[%clk 1:08:26]}  Nc6 {[%clk 1:00:42]} 17. Bxg7 {[%clk 1:08:24]}  Kxg7 {[%clk 1:00:19]} 18. Kh1 {[%clk 1:07:48]}  e6 {[%clk 0:57:53]} 19. Ne3 {[%clk 1:05:52]}  Nf6 {[%clk 0:49:14]} 20. Nxc6 {[%clk 0:57:22]}  Rxc6 {[%clk 0:49:16]} 21. b4 {[%clk 0:56:35]}  Qb6 {[%clk 0:46:23]} 22. Rc2 {[%clk 0:36:00]}  Rfc8 {[%clk 0:40:07]} 23. Rdc1 {[%clk 0:33:41]}  Qd8 {[%clk 0:26:07]} 24. g3 {[%clk 0:24:52]}  b5 {[%clk 0:16:44]} 25. cxb5 {[%clk 0:16:57]}  Rxc2 {[%clk 0:16:54]} 26. Rxc2 {[%clk 0:17:18]}  Rxc2 {[%clk 0:14:58]} 27. Qxc2 {[%clk 0:15:52]}  axb5 {[%clk 0:14:31]} 28. Qc3 {[%clk 0:12:33]}  Kg8 {[%clk 0:13:48]} 29. Kg2 {[%clk 0:08:47]}  h5 {[%clk 0:11:29]} 30. h3 {[%clk 0:07:15]}  Ne8 {[%clk 0:09:53]} 31. Nc2 {[%clk 0:06:22]}  Qb6 {[%clk 0:08:52]} 32. Nd4 {[%clk 0:03:20]}  Nc7 {[%clk 0:07:15]} 33. Bd3 {[%clk 0:02:33]}  e5 {[%clk 0:04:13]} 34. Nc2 {[%clk 0:02:51]}  Ne6 {[%clk 0:04:33]} 35. Ne3 {[%clk 0:01:26]}  Qxe3 {[%clk 0:04:15]} 0-1

[Event "45th FIDE Chess Olympiad Open"]
[Site "Budapest, Hungary"]
[Date "2024.09.22"]
[Round "11"]
[White "Kibrom Weldegebriel Beraki"]
[Black "Veer Gandhi"]
[Result "1-0"]
[Board "334"]
[WhiteFideId "15701190"]
[BlackFideId "21600155"]
[WhiteTitle "CM"]
[WhiteElo "1885"]
[BlackElo "1792"]
[WhiteTeam "Eritrea"]
[BlackTeam "Tanzania"]
[WhiteClock "1:38:34"]
[BlackClock "0:30:30"]
[Variant "Standard"]

1. d4 {[%clk 1:30:57]}  d5 {[%clk 1:30:46]} 2. c4 {[%clk 1:31:20]}  e6 {[%clk 1:31:12]} 3. Nc3 {[%clk 1:31:45]}  Nf6 {[%clk 1:31:38]} 4. cxd5 {[%clk 1:32:07]}  exd5 {[%clk 1:31:58]} 5. Bg5 {[%clk 1:32:32]}  c6 {[%clk 1:31:56]} 6. Qc2 {[%clk 1:32:51]}  Be7 {[%clk 1:31:39]} 7. e3 {[%clk 1:33:16]}  a5 {[%clk 1:31:45]} 8. Bd3 {[%clk 1:33:40]}  h6 {[%clk 1:32:07]} 9. Bh4 {[%clk 1:34:03]}  O-O {[%clk 1:31:41]} 10. Nge2 {[%clk 1:34:23]}  Re8 {[%clk 1:29:12]} 11. O-O {[%clk 1:34:43]}  Nbd7 {[%clk 1:24:48]} 12. f3 {[%clk 1:34:45]}  Nf8 {[%clk 1:12:44]} 13. e4 {[%clk 1:34:24]}  dxe4 {[%clk 1:13:07]} 14. fxe4 {[%clk 1:34:46]}  Ng4 {[%clk 1:12:18]} 15. Bxe7 {[%clk 1:34:43]}  Qxe7 {[%clk 1:11:53]} 16. Rf3 {[%clk 1:34:45]}  Ne6 {[%clk 0:47:13]} 17. h3 {[%clk 1:33:24]}  Nf6 {[%clk 0:47:12]} 18. Raf1 {[%clk 1:32:05]}  Qd8 {[%clk 0:32:22]} 19. d5 {[%clk 1:28:48]}  Ng5 {[%clk 0:30:05]} 20. R3f2 {[%clk 1:28:26]}  cxd5 {[%clk 0:30:15]} 21. exd5 {[%clk 1:28:04]}  Qd6 {[%clk 0:23:34]} 22. Nb5 {[%clk 1:26:16]}  Qe5 {[%clk 0:17:56]} 23. Nc7 {[%clk 1:26:14]}  Bxh3 {[%clk 0:17:34]} 24. Nxe8 {[%clk 1:25:50]}  Ng4 {[%clk 0:13:05]} 25. Rf4 {[%clk 1:23:30]}  Qe3+ {[%clk 0:10:29]} 26. R1f2 {[%clk 1:22:18]}  Nxf2 {[%clk 0:08:09]} 27. Rxf2 {[%clk 1:22:41]}  Rxe8 {[%clk 0:07:01]} 28. Nf4 {[%clk 1:22:29]}  Bg4 {[%clk 0:05:54]} 29. d6 {[%clk 1:21:40]}  Qg3 {[%clk 0:05:36]} 30. Be2 {[%clk 1:15:18]}  Bxe2 {[%clk 0:03:46]} 31. d7 {[%clk 1:15:26]}  Rf8 {[%clk 0:03:10]} 32. Qxe2 {[%clk 1:15:19]}  Qh4 {[%clk 0:01:19]} 33. Ng6 {[%clk 1:14:30]}  Nh3+ {[%clk 0:00:40]} 34. gxh3 {[%clk 1:13:17]}  Qg5+ {[%clk 0:00:58]} 35. Rg2 {[%clk 1:12:46]}  Qc1+ {[%clk 0:01:04]} 36. Kh2 {[%clk 1:11:21]}  Qc7+ {[%clk 0:01:25]} 37. Ne5 {[%clk 1:11:22]}  Rd8 {[%clk 0:01:11]} 38. Kh1 {[%clk 1:11:12]}  Qc1+ {[%clk 0:00:49]} 39. Rg1 {[%clk 1:11:36]}  Qf4 {[%clk 0:00:42]} 40. Rf1 {[%clk 1:11:16]}  Qg3 {[%clk 0:00:33]} 41. Rf3 {[%clk 1:09:56]}  Qh4 {[%clk 0:30:30]} 42. Nxf7 {[%clk 1:38:34]} 1-0

[Event "45th FIDE Chess Olympiad Open"]
[Site "Budapest, Hungary"]
[Date "2024.09.22"]
[Round "11"]
[White "Lusako, Shedrack"]
[Black "Lilay Weldu Gebru"]
[Result "1-0"]
[Board "335"]
[WhiteFideId "21600538"]
[BlackFideId "15701352"]
[WhiteElo "1760"]
[BlackElo "1977"]
[WhiteTeam "Tanzania"]
[BlackTeam "Eritrea"]
[WhiteClock "0:17:03"]
[BlackClock "0:21:36"]
[Variant "Standard"]

1. e4 {[%clk 1:30:53]}  c5 {[%clk 1:30:54]} 2. Nf3 {[%clk 1:31:18]}  d6 {[%clk 1:30:33]} 3. d4 {[%clk 1:31:39]}  cxd4 {[%clk 1:30:44]} 4. Nxd4 {[%clk 1:32:03]}  Nf6 {[%clk 1:30:48]} 5. Nc3 {[%clk 1:32:21]}  a6 {[%clk 1:30:51]} 6. a4 {[%clk 1:32:35]}  e6 {[%clk 1:30:57]} 7. Bc4 {[%clk 1:32:46]}  Be7 {[%clk 1:30:32]} 8. O-O {[%clk 1:32:42]}  Nc6 {[%clk 1:30:32]} 9. Be3 {[%clk 1:32:06]}  O-O {[%clk 1:30:40]} 10. h3 {[%clk 1:27:44]}  Bd7 {[%clk 1:28:03]} 11. Qe2 {[%clk 1:24:30]}  Qc7 {[%clk 1:27:38]} 12. Nxc6 {[%clk 1:21:13]}  Bxc6 {[%clk 1:27:31]} 13. f3 {[%clk 1:20:46]}  Rfd8 {[%clk 1:22:37]} 14. Bd3 {[%clk 1:16:15]}  d5 {[%clk 1:17:37]} 15. exd5 {[%clk 1:15:46]}  exd5 {[%clk 1:16:54]} 16. Qf2 {[%clk 1:15:11]}  Qd6 {[%clk 1:15:40]} 17. Ne2 {[%clk 1:14:24]}  Nh5 {[%clk 1:08:17]} 18. c3 {[%clk 1:10:48]}  Re8 {[%clk 1:07:15]} 19. f4 {[%clk 1:04:16]}  g6 {[%clk 0:58:36]} 20. f5 {[%clk 1:00:05]}  Bh4 {[%clk 0:55:04]} 21. Qxh4 {[%clk 0:56:16]}  Rxe3 {[%clk 0:55:22]} 22. fxg6 {[%clk 0:54:06]}  hxg6 {[%clk 0:54:10]} 23. Qd4 {[%clk 0:52:48]}  Rae8 {[%clk 0:50:10]} 24. Rf2 {[%clk 0:51:48]}  Ng3 {[%clk 0:40:27]} 25. Nxg3 {[%clk 0:44:01]}  Qxg3 {[%clk 0:39:52]} 26. Bc2 {[%clk 0:32:51]}  R8e5 {[%clk 0:39:41]} 27. Qf4 {[%clk 0:29:10]}  Qxf4 {[%clk 0:38:45]} 28. Rxf4 {[%clk 0:29:35]}  Re2 {[%clk 0:38:15]} 29. Rf2 {[%clk 0:29:44]}  Kg7 {[%clk 0:35:36]} 30. Raf1 {[%clk 0:29:49]}  f5 {[%clk 0:35:25]} 31. Rxe2 {[%clk 0:28:28]}  Rxe2 {[%clk 0:35:45]} 32. Rf2 {[%clk 0:28:55]}  Re1+ {[%clk 0:35:38]} 33. Kh2 {[%clk 0:29:19]}  Ra1 {[%clk 0:35:14]} 34. Bb3 {[%clk 0:29:26]}  Kf6 {[%clk 0:33:46]} 35. Kg3 {[%clk 0:28:42]}  g5 {[%clk 0:33:44]} 36. h4 {[%clk 0:27:52]}  g4 {[%clk 0:31:00]} 37. Kf4 {[%clk 0:25:57]}  Re1 {[%clk 0:30:44]} 38. Bc2 {[%clk 0:24:54]}  a5 {[%clk 0:29:15]} 39. Bxf5 {[%clk 0:24:51]}  Bxa4 {[%clk 0:27:15]} 40. Kxg4 {[%clk 0:25:05]}  Bd1+ {[%clk 0:26:34]} 41. Kf4 {[%clk 0:25:05]}  b5 {[%clk 0:24:49]} 42. g4 {[%clk 0:22:11]}  Rh1 {[%clk 0:23:21]} 43. Kg3 {[%clk 0:22:41]}  Ke5 {[%clk 0:23:29]} 44. g5 {[%clk 0:19:09]}  b4 {[%clk 0:23:24]} 45. cxb4 {[%clk 0:19:29]}  axb4 {[%clk 0:23:32]} 46. g6 {[%clk 0:17:32]}  Bh5 {[%clk 0:23:01]} 47. g7 {[%clk 0:16:18]}  Bf7 {[%clk 0:21:11]} 48. Bh7 {[%clk 0:16:33]}  Rg1+ {[%clk 0:21:20]} 49. Rg2 {[%clk 0:16:42]}  Rxg2+ {[%clk 0:21:36]} 50. Kxg2 {[%clk 0:17:03]} 1-0

[Event "45th FIDE Chess Olympiad Open"]
[Site "Budapest, Hungary"]
[Date "2024.09.22"]
[Round "11"]
[White "Samuel Merhawi Gebrehiwet"]
[Black "Henry Marwa Michael"]
[Result "1-0"]
[Board "336"]
[WhiteFideId "15701204"]
[BlackFideId "21601712"]
[WhiteElo "1788"]
[BlackElo "1715"]
[WhiteTeam "Eritrea"]
[BlackTeam "Tanzania"]
[WhiteClock "1:31:13"]
[BlackClock "0:55:18"]
[Variant "Standard"]

1. e4 {[%clk 1:30:55]}  b6 {[%clk 1:30:43]} 2. d4 {[%clk 1:31:13]}  Bb7 {[%clk 1:31:08]} 3. Nc3 {[%clk 1:31:29]}  e6 {[%clk 1:31:30]} 4. a3 {[%clk 1:31:47]}  Nf6 {[%clk 1:31:28]} 5. Bd3 {[%clk 1:31:46]}  d5 {[%clk 1:28:43]} 6. e5 {[%clk 1:31:54]}  Nfd7 {[%clk 1:28:51]} 7. Nce2 {[%clk 1:31:59]}  c5 {[%clk 1:26:31]} 8. c3 {[%clk 1:32:22]}  Nc6 {[%clk 1:25:17]} 9. f4 {[%clk 1:31:56]}  cxd4 {[%clk 1:20:25]} 10. cxd4 {[%clk 1:32:16]}  Rc8 {[%clk 1:20:46]} 11. Nf3 {[%clk 1:32:24]}  f5 {[%clk 1:20:01]} 12. exf6 {[%clk 1:32:33]}  Nxf6 {[%clk 1:18:55]} 13. Ng3 {[%clk 1:32:26]}  Bd6 {[%clk 1:13:01]} 14. O-O {[%clk 1:31:48]}  Qd7 {[%clk 1:06:22]} 15. Ne5 {[%clk 1:31:25]}  Bxe5 {[%clk 1:02:19]} 16. fxe5 {[%clk 1:29:39]}  O-O {[%clk 0:57:10]} 17. exf6 {[%clk 1:29:44]}  gxf6 {[%clk 0:56:24]} 18. Bh6 {[%clk 1:29:43]}  Rf7 {[%clk 0:55:45]} 19. Qg4+ {[%clk 1:29:55]}  Rg7 {[%clk 0:56:03]} 20. Bxg7 {[%clk 1:30:11]}  Qxg7 {[%clk 0:56:21]} 21. Qxe6+ {[%clk 1:30:33]}  Qf7 {[%clk 0:55:45]} 22. Bxh7+ {[%clk 1:30:51]}  Kg7 {[%clk 0:55:18]} 23. Nf5+ {[%clk 1:31:13]} 1-0

[Event "45th FIDE Chess Olympiad Open"]
[Site "Budapest, Hungary"]
[Date "2024.09.22"]
[Round "11"]
[White "Khan, Taffin"]
[Black "Kamara, Ansumana"]
[Result "0-1"]
[Board "337"]
[WhiteFideId "19700024"]
[BlackFideId "1622218"]
[WhiteTitle "CM"]
[BlackTitle "CM"]
[WhiteElo "2066"]
[BlackElo "1876"]
[WhiteTeam "Guyana"]
[BlackTeam "Sierra Leone"]
[WhiteClock "0:06:13"]
[BlackClock "0:51:23"]
[Variant "Standard"]

1. Nf3 {[%clk 1:30:56]}  Nf6 {[%clk 1:30:52]} 2. g3 {[%clk 1:31:18]}  g6 {[%clk 1:31:14]} 3. d4 {[%clk 1:31:37]}  Bg7 {[%clk 1:31:31]} 4. c4 {[%clk 1:31:43]}  c6 {[%clk 1:31:29]} 5. Bg2 {[%clk 1:31:52]}  O-O {[%clk 1:31:33]} 6. O-O {[%clk 1:32:16]}  d5 {[%clk 1:31:54]} 7. Nbd2 {[%clk 1:29:40]}  Na6 {[%clk 1:30:28]} 8. c5 {[%clk 1:19:05]}  Nd7 {[%clk 1:30:08]} 9. e4 {[%clk 1:10:50]}  e5 {[%clk 1:30:08]} 10. exd5 {[%clk 1:11:12]}  cxd5 {[%clk 1:30:16]} 11. dxe5 {[%clk 1:05:38]}  Ndxc5 {[%clk 1:26:47]} 12. Nb3 {[%clk 1:03:11]}  Bf5 {[%clk 1:27:03]} 13. Be3 {[%clk 0:59:44]}  Nd3 {[%clk 1:25:56]} 14. Bd4 {[%clk 1:00:03]}  Nab4 {[%clk 1:25:26]} 15. Nh4 {[%clk 0:41:58]}  Nxe5 {[%clk 1:20:59]} 16. Nxf5 {[%clk 0:42:03]}  gxf5 {[%clk 1:20:40]} 17. Bc5 {[%clk 0:40:37]}  Ned3 {[%clk 1:18:58]} 18. Bxf8 {[%clk 0:40:40]}  Kxf8 {[%clk 1:19:03]} 19. Qh5 {[%clk 0:40:44]}  Nxb2 {[%clk 1:12:34]} 20. Qxf5 {[%clk 0:39:44]}  d4 {[%clk 1:09:01]} 21. a3 {[%clk 0:34:04]}  Nc6 {[%clk 1:08:41]} 22. Rab1 {[%clk 0:20:50]}  d3 {[%clk 1:08:30]} 23. Nd2 {[%clk 0:20:02]}  Qa5 {[%clk 1:07:08]} 24. Bd5 {[%clk 0:19:03]}  Qc7 {[%clk 1:05:09]} 25. Rfc1 {[%clk 0:13:55]}  Re8 {[%clk 1:02:22]} 26. Be4 {[%clk 0:12:43]}  Qd6 {[%clk 1:00:47]} 27. Qc5 {[%clk 0:08:16]}  Qxc5 {[%clk 0:57:28]} 28. Rxc5 {[%clk 0:08:40]}  Na4 {[%clk 0:53:17]} 29. Rc4 {[%clk 0:08:48]}  Nc3 {[%clk 0:51:19]} 30. Rxb7 {[%clk 0:08:31]}  Na5 {[%clk 0:51:29]} 31. Rbb4 {[%clk 0:05:50]}  Nxc4 {[%clk 0:51:16]} 32. Rxc4 {[%clk 0:06:13]}  Nxe4 {[%clk 0:51:23]} 0-1

[Event "45th FIDE Chess Olympiad Open"]
[Site "Budapest, Hungary"]
[Date "2024.09.22"]
[Round "11"]
[White "Winston Gerald, Mansfield Thomas"]
[Black "Nathoo, Loris"]
[Result "1-0"]
[Board "338"]
[WhiteFideId "17800048"]
[BlackFideId "19700083"]
[WhiteElo "1950"]
[BlackElo "1788"]
[WhiteTeam "Sierra Leone"]
[BlackTeam "Guyana"]
[WhiteClock "1:12:25"]
[BlackClock "0:17:50"]
[Variant "Standard"]

1. d4 {[%clk 1:30:51]}  Nf6 {[%clk 1:30:36]} 2. c4 {[%clk 1:31:02]}  g6 {[%clk 1:30:52]} 3. Nc3 {[%clk 1:31:21]}  Bg7 {[%clk 1:31:17]} 4. Nf3 {[%clk 1:31:27]}  d6 {[%clk 1:30:51]} 5. Bg5 {[%clk 1:31:03]}  O-O {[%clk 1:29:27]} 6. e3 {[%clk 1:31:18]}  Nbd7 {[%clk 1:22:46]} 7. Be2 {[%clk 1:31:28]}  c5 {[%clk 1:22:37]} 8. Qc2 {[%clk 1:31:17]}  cxd4 {[%clk 1:14:47]} 9. exd4 {[%clk 1:31:41]}  Qa5 {[%clk 1:14:11]} 10. O-O {[%clk 1:31:42]}  e5 {[%clk 1:08:16]} 11. Bh4 {[%clk 1:24:23]}  a6 {[%clk 1:04:51]} 12. Rad1 {[%clk 1:21:05]}  Nh5 {[%clk 1:01:51]} 13. Be7 {[%clk 1:17:30]}  Re8 {[%clk 1:00:01]} 14. Bxd6 {[%clk 1:16:51]}  exd4 {[%clk 0:47:30]} 15. Nxd4 {[%clk 1:16:31]}  Qb6 {[%clk 0:46:58]} 16. Nb3 {[%clk 1:15:07]}  Ndf6 {[%clk 0:35:51]} 17. c5 {[%clk 1:13:48]}  Qb4 {[%clk 0:27:11]} 18. Rd4 {[%clk 1:12:31]}  Bf5 {[%clk 0:24:43]} 19. Qd1 {[%clk 1:12:03]}  a5 {[%clk 0:22:18]} 20. a3 {[%clk 1:10:37]}  Qxd4 {[%clk 0:20:52]} 21. Nxd4 {[%clk 1:10:43]}  Bd7 {[%clk 0:20:28]} 22. Bf3 {[%clk 1:10:44]}  Bc8 {[%clk 0:17:54]} 23. Ndb5 {[%clk 1:10:51]}  Rd8 {[%clk 0:18:03]} 24. Nc7 {[%clk 1:10:39]}  Ra7 {[%clk 0:17:51]} 25. N3b5 {[%clk 1:10:31]}  Ra6 {[%clk 0:18:16]} 26. Nxa6 {[%clk 1:10:32]}  bxa6 {[%clk 0:18:34]} 27. Nc7 {[%clk 1:10:13]}  Nf4 {[%clk 0:19:04]} 28. Bxf4 {[%clk 1:10:21]}  Rxd1 {[%clk 0:19:23]} 29. Rxd1 {[%clk 1:10:46]}  Nd7 {[%clk 0:17:09]} 30. c6 {[%clk 1:10:49]}  Nf8 {[%clk 0:17:32]} 31. Rd8 {[%clk 1:10:14]}  Bf5 {[%clk 0:16:46]} 32. Bd6 {[%clk 1:10:31]}  Bc2 {[%clk 0:16:34]} 33. Nxa6 {[%clk 1:10:49]}  Bb3 {[%clk 0:16:22]} 34. c7 {[%clk 1:10:52]}  Be6 {[%clk 0:16:52]} 35. c8=Q {[%clk 1:10:52]}  Bxc8 {[%clk 0:17:21]} 36. Rxc8 {[%clk 1:10:47]}  a4 {[%clk 0:17:46]} 37. Nc5 {[%clk 1:11:01]}  h5 {[%clk 0:17:55]} 38. Nd7 {[%clk 1:11:27]}  g5 {[%clk 0:17:43]} 39. Nxf8 {[%clk 1:11:46]}  g4 {[%clk 0:18:05]} 40. Be4 {[%clk 1:12:05]}  Bxf8 {[%clk 0:18:07]} 41. Rxf8+ {[%clk 1:12:22]}  Kg7 {[%clk 0:18:33]} 42. Bb4 {[%clk 1:12:19]}  h4 {[%clk 0:18:38]} 43. Bd5 {[%clk 1:12:07]}  h3 {[%clk 0:18:40]} 44. Rxf7+ {[%clk 1:12:29]}  Kh6 {[%clk 0:18:50]} 45. Be4 {[%clk 1:12:44]}  g3 {[%clk 0:17:50]} 46. Bd2+ {[%clk 1:12:25]} 1-0

[Event "45th FIDE Chess Olympiad Open"]
[Site "Budapest, Hungary"]
[Date "2024.09.22"]
[Round "11"]
[White "Sandiford, Keron"]
[Black "Adeshole Beckley, Brian"]
[Result "1/2-1/2"]
[Board "339"]
[WhiteFideId "19701276"]
[BlackFideId "17800013"]
[WhiteElo "1755"]
[BlackElo "1814"]
[WhiteTeam "Guyana"]
[BlackTeam "Sierra Leone"]
[WhiteClock "0:29:24"]
[BlackClock "0:52:40"]
[Variant "Standard"]

1. Nf3 {[%clk 1:30:59]}  d5 {[%clk 1:30:41]} 2. d4 {[%clk 1:31:22]}  Nf6 {[%clk 1:30:41]} 3. e3 {[%clk 1:31:47]}  Bg4 {[%clk 1:30:10]} 4. c4 {[%clk 1:32:10]}  e6 {[%clk 1:29:41]} 5. h3 {[%clk 1:31:14]}  Bh5 {[%clk 1:29:06]} 6. Bd3 {[%clk 1:31:14]}  Be7 {[%clk 1:27:16]} 7. Nc3 {[%clk 1:30:30]}  O-O {[%clk 1:26:37]} 8. O-O {[%clk 1:24:43]}  c5 {[%clk 1:26:38]} 9. dxc5 {[%clk 1:24:45]}  dxc4 {[%clk 1:24:56]} 10. Bxc4 {[%clk 1:25:06]}  Qxd1 {[%clk 1:25:17]} 11. Rxd1 {[%clk 1:25:27]}  Bxf3 {[%clk 1:25:29]} 12. gxf3 {[%clk 1:25:50]}  Bxc5 {[%clk 1:24:15]} 13. e4 {[%clk 1:26:07]}  Nc6 {[%clk 1:24:10]} 14. Bg5 {[%clk 1:25:49]}  Nh5 {[%clk 1:22:16]} 15. Kg2 {[%clk 1:22:46]}  h6 {[%clk 1:22:32]} 16. Be3 {[%clk 1:21:18]}  Bxe3 {[%clk 1:22:47]} 17. fxe3 {[%clk 1:21:43]}  Rfd8 {[%clk 1:22:32]} 18. Bb5 {[%clk 1:21:39]}  Ne7 {[%clk 1:21:43]} 19. Rd4 {[%clk 1:18:55]}  a6 {[%clk 1:20:49]} 20. Ba4 {[%clk 1:14:42]}  e5 {[%clk 1:19:21]} 21. Rxd8+ {[%clk 1:14:48]}  Rxd8 {[%clk 1:19:42]} 22. Rd1 {[%clk 1:14:57]}  Rxd1 {[%clk 1:20:03]} 23. Bxd1 {[%clk 1:15:16]}  Nc6 {[%clk 1:15:38]} 24. Nd5 {[%clk 1:14:14]}  Kf8 {[%clk 1:13:15]} 25. Ba4 {[%clk 1:13:07]}  b5 {[%clk 1:13:18]} 26. Bd1 {[%clk 1:13:07]}  Nf6 {[%clk 1:13:14]} 27. Nc7 {[%clk 1:12:25]}  Nb8 {[%clk 1:12:19]} 28. Bb3 {[%clk 1:11:18]}  Nfd7 {[%clk 1:11:56]} 29. Bd5 {[%clk 1:02:14]}  b4 {[%clk 1:12:09]} 30. a3 {[%clk 1:01:04]}  a5 {[%clk 1:10:23]} 31. axb4 {[%clk 1:00:56]}  axb4 {[%clk 1:10:43]} 32. Kf2 {[%clk 1:01:22]}  Ke7 {[%clk 1:08:50]} 33. Bc4 {[%clk 0:59:50]}  g5 {[%clk 1:08:59]} 34. Kg3 {[%clk 0:55:22]}  Nb6 {[%clk 1:03:03]} 35. Nd5+ {[%clk 0:53:56]}  Nxd5 {[%clk 1:03:15]} 36. Bxd5 {[%clk 0:54:12]}  Nd7 {[%clk 1:03:18]} 37. Kg4 {[%clk 0:45:09]}  Kf6 {[%clk 1:03:04]} 38. h4 {[%clk 0:43:45]}  gxh4 {[%clk 1:02:59]} 39. Kxh4 {[%clk 0:43:59]}  Kg6 {[%clk 1:03:10]} 40. Kg4 {[%clk 0:41:56]}  Nc5 {[%clk 1:00:22]} 41. Bc4 {[%clk 0:41:53]}  Na4 {[%clk 1:00:41]} 42. b3 {[%clk 0:39:54]}  Nc3 {[%clk 1:01:03]} 43. f4 {[%clk 0:39:06]}  h5+ {[%clk 0:58:40]} 44. Kh4 {[%clk 0:38:04]}  Nxe4 {[%clk 0:56:43]} 45. Bd3 {[%clk 0:36:49]}  Kf5 {[%clk 0:57:05]} 46. fxe5 {[%clk 0:36:08]}  Kxe5 {[%clk 0:57:28]} 47. Kxh5 {[%clk 0:35:49]}  f5 {[%clk 0:56:11]} 48. Kg6 {[%clk 0:35:46]}  Nd2 {[%clk 0:54:54]} 49. Bxf5 {[%clk 0:29:41]}  Nxb3 {[%clk 0:55:12]} 50. Bc2 {[%clk 0:30:00]}  Nd2 {[%clk 0:54:33]} 51. Kg5 {[%clk 0:30:07]}  Nc4 {[%clk 0:53:16]} 52. e4 {[%clk 0:29:45]}  Nd2 {[%clk 0:52:48]} 53. Kg4 {[%clk 0:29:27]}  Nxe4 {[%clk 0:53:09]} 54. Kf3 {[%clk 0:29:21]}  Nc3 {[%clk 0:52:08]} 55. Ke3 {[%clk 0:29:32]}  Kd5 {[%clk 0:52:22]} 56. Bb3+ {[%clk 0:29:24]}  Kc5 {[%clk 0:52:40]} 1/2-1/2

[Event "45th FIDE Chess Olympiad Open"]
[Site "Budapest, Hungary"]
[Date "2024.09.22"]
[Round "11"]
[White "Abdul Rahman Toronka"]
[Black "Pitamber, Sachin Dhilan"]
[Result "0-1"]
[Board "340"]
[WhiteFideId "17800269"]
[BlackFideId "19702566"]
[WhiteElo "1557"]
[BlackElo "1715"]
[WhiteTeam "Sierra Leone"]
[BlackTeam "Guyana"]
[WhiteClock "0:51:43"]
[BlackClock "1:20:05"]
[Variant "Standard"]

1. e4 {[%clk 1:30:58]}  e5 {[%clk 1:30:53]} 2. Bc4 {[%clk 1:31:14]}  Nc6 {[%clk 1:31:14]} 3. Nc3 {[%clk 1:31:32]}  Bc5 {[%clk 1:31:34]} 4. d3 {[%clk 1:31:24]}  Nf6 {[%clk 1:31:07]} 5. Na4 {[%clk 1:31:16]}  Be7 {[%clk 1:30:02]} 6. Bd2 {[%clk 1:29:57]}  O-O {[%clk 1:30:11]} 7. a3 {[%clk 1:29:37]}  a6 {[%clk 1:28:30]} 8. Nc3 {[%clk 1:29:56]}  d6 {[%clk 1:26:46]} 9. h3 {[%clk 1:29:28]}  Be6 {[%clk 1:24:26]} 10. Ba2 {[%clk 1:27:51]}  Bxa2 {[%clk 1:24:22]} 11. Rxa2 {[%clk 1:28:15]}  d5 {[%clk 1:24:39]} 12. Ra1 {[%clk 1:26:50]}  dxe4 {[%clk 1:20:59]} 13. Nxe4 {[%clk 1:26:59]}  Nxe4 {[%clk 1:21:21]} 14. dxe4 {[%clk 1:27:22]}  Qd4 {[%clk 1:20:36]} 15. f3 {[%clk 1:23:29]}  Bh4+ {[%clk 1:20:49]} 16. Ke2 {[%clk 1:17:42]}  Rad8 {[%clk 1:18:32]} 17. Be3 {[%clk 1:04:21]}  Qc4+ {[%clk 1:18:52]} 18. Qd3 {[%clk 1:01:27]}  Rxd3 {[%clk 1:19:11]} 19. cxd3 {[%clk 1:01:51]}  Qc2+ {[%clk 1:19:29]} 20. Bd2 {[%clk 0:57:58]}  Nd4+ {[%clk 1:19:48]} 21. Ke3 {[%clk 0:51:43]}  Bg5+ {[%clk 1:20:05]} 0-1